[Event "NOR-ch Class1"]
[Site "Larvik"]
[Date "2019.07.11"]
[Round "7"]
[White "Kvendseth, Cornelius"]
[Black "Svendsen, Per Gisle"]
[Result "1-0"]
[WhiteElo "1964"]
[BlackElo "1929"]
[PlyCount "71"]
[EventDate "2019.07.05"]
[EventType "swiss"]
[EventRounds "9"]
[EventCountry "NOR"]
[SourceTitle "EXT 2024"]
[Source "ChessBase"]
[SourceDate "2023.10.10"]
[SourceVersion "1"]
[SourceVersionDate "2023.10.10"]
[SourceQuality "1"]

1. Nf3 c5 2. g3 Nc6 3. d4 cxd4 4. Nxd4 e5 5. Nxc6 bxc6 6. Bg2 Nf6 7. 0-0 Be7 8. b3 0-0 9. Bb2 Qc7 10. c4 d5 11. cxd5 cxd5 12. Bxd5 Nxd5 13. Qxd5 Bd6 14. Rd1 Bb7 15. Qc4 Qb6 16. Nc3 Bc5 17. Na4 Bxf2+ 18. Kf1 Qf6 19. Bxe5 Qxe5 20. Kxf2 Rac8 21. Qf4 Qe6 22. Rd3 Qh3 23. Nc3 Rfe8 24. Ke1 Qxh2 25. Kd2 Ba6 26. Re3 Red8+ 27. Kc2 Qh5 28. Rf1 Bxe2 29. Re1 Qg6+ 30. Kb2 Rd2+ 31. Ka3 Qa6+ 32. Na4 h6 33. Re7 Qg6 34. Qxd2 Rc2 35. Qd8+ Kh7 36. R7xe2 1-0

[Event "NOR-ch Klasse1"]
[Site "Stavanger"]
[Date "2017.07.04"]
[Round "5"]
[White "Smeby, Ole"]
[Black "Kvendseth, Cornelius"]
[Result "1/2-1/2"]
[WhiteElo "1938"]
[BlackElo "2002"]
[PlyCount "23"]
[EventDate "2017.07.01"]
[EventType "swiss"]
[EventRounds "9"]
[EventCountry "NOR"]
[SourceTitle "EXT 2018"]
[Source "ChessBase"]
[SourceDate "2017.10.13"]
[SourceVersion "1"]
[SourceVersionDate "2017.10.13"]
[SourceQuality "1"]

1. d4 d5 2. Nf3 Nf6 3. e3 e6 4. c4 c5 5. Bd3 Nc6 6. a3 b6 7. cxd5 Nxd5 8. Bb5 Bb7 9. dxc5 a6 10. Bc4 b5 11. Ba2 Qg5 12. Bxd5 1/2-1/2

[Event "Oslo Sveins op 10th"]
[Site "Oslo"]
[Date "2017.06.26"]
[Round "7"]
[White "Kizatbay, Abyl"]
[Black "Kvendseth, Cornelius"]
[Result "1/2-1/2"]
[WhiteElo "2134"]
[BlackElo "1849"]
[PlyCount "98"]
[EventDate "2017.06.23"]
[EventType "swiss"]
[EventRounds "9"]
[EventCountry "NOR"]
[SourceTitle "CBM 179 Extra"]
[Source "ChessBase"]
[SourceDate "2017.08.23"]
[SourceVersion "1"]
[SourceVersionDate "2017.08.23"]
[SourceQuality "1"]

1. e4 c5 2. Nf3 Nc6 3. d4 cxd4 4. Nxd4 Nf6 5. Nc3 e5 6. Ndb5 d6 7. Bg5 a6 8. Na3 b5 9. Nd5 Be7 10. Bxf6 Bxf6 11. c3 Bg5 12. Nc2 0-0 13. a4 Rb8 14. axb5 axb5 15. Bd3 Be6 16. Ra6 Qc8 17. Qa1 Bxd5 18. exd5 Ne7 19. Nb4 Qc5 20. 0-0 f5 21. Rd1 e4 22. Bf1 e3 23. fxe3 f4 24. Rd4 f3 25. Nd3 Bxe3+ 26. Kh1 Qc7 27. Re4 Bb6 28. Nf4 Qc5 29. Rd4 Rf6 30. Ra8 Rc8 31. Ne6 fxg2+ 32. Bxg2 Rxa8 33. Qxa8+ Qc8 34. Qxc8+ Nxc8 35. Rb4 Na7 36. Rg4 g6 37. h4 Kf7 38. h5 Rf5 39. hxg6+ hxg6 40. Be4 Rf1+ 41. Kg2 Rf2+ 42. Kg3 Rxb2 43. Rf4+ Ke8 44. Bxg6+ Kd7 45. Rb4 Rxb4 46. cxb4 Be3 47. Bd3 Bd2 48. Nd4 Bxb4 49. Bxb5+ Nxb5 1/2-1/2

[Event "Oslo op"]
[Site "Fornebu"]
[Date "2016.10.04"]
[Round "6"]
[White "Kvendseth, Cornelius"]
[Black "Welling, Gerard J"]
[Result "1/2-1/2"]
[WhiteElo "1879"]
[BlackElo "2319"]
[PlyCount "136"]
[EventDate "2016.09.30"]
[EventType "swiss"]
[EventRounds "9"]
[EventCountry "NOR"]
[SourceTitle "EXT 2017"]
[Source "ChessBase"]
[SourceDate "2016.10.25"]
[SourceVersion "1"]
[SourceVersionDate "2016.10.25"]
[SourceQuality "1"]

1. Nf3 d6 2. d4 Bg4 3. Bf4 Bxf3 4. exf3 Nd7 5. Bc4 Ngf6 6. 0-0 d5 7. Bb3 e6 8. Re1 Be7 9. Nd2 0-0 10. Rc1 b5 11. Qe2 a6 12. c3 c5 13. dxc5 Bxc5 14. Bc2 Qb6 15. Nb3 Bd6 16. Bxd6 Qxd6 17. Rcd1 Nb6 18. Nd4 Rfc8 19. Bb1 Na4 20. Qd2 Rab8 21. Rc1 Nb6 22. b3 Nbd7 23. f4 Rb7 24. Bd3 Nc5 25. g3 Nxd3 26. Qxd3 Rbc7 27. f3 Qa3 28. Rc2 h5 29. f5 e5 30. Rxe5 b4 31. cxb4 Rxc2 32. Nxc2 Qxa2 33. Re2 Qb1+ 34. Kg2 Rc6 35. Rd2 Rc7 36. Ne3 Rc1 37. Qxb1 Rxb1 38. Nxd5 Nxd5 39. Rxd5 Rb2+ 40. Kh3 Rxb3 41. Ra5 Rxf3 42. Rxa6 Rxf5 43. Ra5 Rf2 44. Rxh5 Rb2 45. b5 g6 46. Rc5 Kg7 47. g4 Kf6 48. Kg3 Ke6 49. Rc6+ Kd7 50. Rb6 Ke7 51. h4 Kf8 52. Kf4 Rb4+ 53. Kg5 Kg7 54. Rb7 Rc4 55. b6 Rb4 56. h5 Rb5+ 57. Kh4 gxh5 58. gxh5 Kh6 59. Rxf7 Rxh5+ 60. Kg4 Rb5 61. Rf6+ Kg7 62. Rc6 Kf7 63. Kf4 Ke7 64. Ke4 Kd7 65. Rh6 Kc8 66. Kd4 Kb7 67. Kc4 Rxb6 68. Rxb6+ Kxb6 1/2-1/2

[Event "Oslo op"]
[Site "Fornebu"]
[Date "2016.10.02"]
[Round "3"]
[White "Haugli, Petter"]
[Black "Kvendseth, Cornelius"]
[Result "1-0"]
[WhiteElo "2257"]
[BlackElo "1879"]
[PlyCount "65"]
[EventDate "2016.09.30"]
[EventType "swiss"]
[EventRounds "9"]
[EventCountry "NOR"]
[SourceTitle "EXT 2017"]
[Source "ChessBase"]
[SourceDate "2016.10.25"]
[SourceVersion "1"]
[SourceVersionDate "2016.10.25"]
[SourceQuality "1"]

1. d4 d5 2. Bf4 Nf6 3. e3 Bf5 4. c4 c6 5. Qb3 Qb6 6. c5 Qxb3 7. axb3 Nbd7 8. b4 e5 9. dxe5 Nh5 10. Nf3 Nxf4 11. exf4 f6 12. exf6 Nxf6 13. Nc3 a6 14. Nd4 Bd7 15. Bd3 g6 16. 0-0 Kf7 17. Nf3 Kg7 18. Ne5 Be8 19. Ne2 Nd7 20. Nd4 Kg8 21. Ne6 Bg7 22. Rfe1 Bf6 23. Nc7 Rc8 24. Nxe8 Bxe5 25. Rxe5 Kf8 26. Nd6 Nxe5 27. fxe5 Rb8 28. f4 Ke7 29. g4 b6 30. Rxa6 bxc5 31. f5 gxf5 32. gxf5 Rhg8+ 33. Kf2 1-0

[Event "Oslo Sveins op 9th"]
[Site "Oslo"]
[Date "2016.06.24"]
[Round "2"]
[White "Kvisvik, Brede Alexander"]
[Black "Kvendseth, Cornelius"]
[Result "1-0"]
[WhiteElo "2287"]
[BlackElo "1940"]
[PlyCount "55"]
[EventDate "2016.06.24"]
[EventType "swiss"]
[EventRounds "9"]
[EventCountry "NOR"]
[SourceTitle "CBM 173 Extra"]
[Source "ChessBase"]
[SourceDate "2016.08.29"]
[SourceVersion "1"]
[SourceVersionDate "2016.08.29"]
[SourceQuality "1"]

1. d4 d5 2. c4 e6 3. g3 Be7 4. Bg2 Nf6 5. Nf3 0-0 6. 0-0 c5 7. Qc2 Qb6 8. dxc5 Qxc5 9. b3 Nc6 10. Nbd2 b5 11. Bb2 Ba6 12. Rfc1 Nb4 13. Qb1 bxc4 14. bxc4 dxc4 15. Nxc4 Nbd5 16. Ba3 Qc7 17. Bxe7 Qxe7 18. Nfe5 Rfc8 19. Qb3 Qc5 20. Rab1 Rc7 21. Qa4 Bb7 22. Nd3 Qd4 23. Qb3 Ba6 24. e3 Qg4 25. Nce5 Rxc1+ 26. Nxc1 Qh5 27. Qb8+ Ne8 28. g4 1-0

[Event "Nordstrand GP"]
[Site "Oslo"]
[Date "2016.04.15"]
[Round "3"]
[White "Kvendseth, Cornelius"]
[Black "Jakobsen, Kjetil Ansgar"]
[Result "1-0"]
[WhiteElo "1865"]
[BlackElo "2089"]
[PlyCount "67"]
[EventDate "2016.04.15"]
[EventType "swiss"]
[EventRounds "5"]
[EventCountry "NOR"]
[SourceTitle "EXT 2018"]
[Source "ChessBase"]
[SourceDate "2017.10.13"]
[SourceVersion "1"]
[SourceVersionDate "2017.10.13"]
[SourceQuality "1"]

1. Nf3 f5 2. e4 fxe4 3. Ng5 e5 4. d3 e3 5. Bxe3 Nc6 6. g3 Nf6 7. Bg2 d5 8. 0-0 h6 9. Nh3 Bd6 10. f4 0-0 11. fxe5 Nxe5 12. Nc3 c6 13. Qd2 Bb4 14. Bd4 Bd6 15. Rae1 Qc7 16. Kh1 Bxh3 17. Bxh3 Rae8 18. b3 b6 19. Ne2 Qf7 20. Bb2 g5 21. Nd4 Qh5 22. Bf5 g4 23. Be6+ Kh8 24. Rf5 Qh3 25. Ne2 Nf3 26. Rxf3 Rxe6 27. Ng1 Rxe1 28. Qxe1 Qh5 29. Rxf6 d4 30. Rxd6 c5 31. Bc1 Re8 32. Rxh6+ Kg7 33. Rxh5 Rxe1 34. Bf4 1-0

[Event "Oslo Sveins op 8th"]
[Site "Oslo"]
[Date "2015.06.22"]
[Round "7"]
[White "Kvendseth, Cornelius"]
[Black "Sjoberg, Isak"]
[Result "1/2-1/2"]
[WhiteElo "1936"]
[BlackElo "1881"]
[PlyCount "48"]
[EventDate "2015.06.19"]
[EventType "swiss"]
[EventRounds "9"]
[EventCountry "NOR"]
[SourceTitle "CBM 167 Extra"]
[Source "ChessBase"]
[SourceDate "2015.09.14"]
[SourceVersion "1"]
[SourceVersionDate "2015.09.14"]
[SourceQuality "1"]

1. Nf3 d5 2. g3 Nf6 3. Bg2 e6 4. 0-0 Be7 5. d3 c5 6. c4 Nc6 7. b3 0-0 8. cxd5 exd5 9. Bb2 Bf5 10. Nbd2 Qd7 11. Re1 Rad8 12. d4 cxd4 13. Nxd4 Nxd4 14. Bxd4 a6 15. Rc1 Ne4 16. Nxe4 Bxe4 17. Bxe4 dxe4 18. e3 Rc8 19. Qe2 Rxc1 20. Rxc1 Rc8 21. Rc2 Rxc2 22. Qxc2 Qc6 23. Qxc6 bxc6 24. Bc3 g6 1/2-1/2

[Event "Oslo Sveins op 8th"]
[Site "Oslo"]
[Date "2015.06.21"]
[Round "5"]
[White "Kvendseth, Cornelius"]
[Black "Moen, Ole Christian"]
[Result "0-1"]
[WhiteElo "1936"]
[BlackElo "2217"]
[PlyCount "78"]
[EventDate "2015.06.19"]
[EventType "swiss"]
[EventRounds "9"]
[EventCountry "NOR"]
[SourceTitle "CBM 167 Extra"]
[Source "ChessBase"]
[SourceDate "2015.09.14"]
[SourceVersion "1"]
[SourceVersionDate "2015.09.14"]
[SourceQuality "1"]

1. d4 Nf6 2. Bf4 d6 3. e3 Nbd7 4. Nf3 Nh5 5. Bc4 Nxf4 6. exf4 Nf6 7. Nbd2 Bf5 8. Nh4 Bg4 9. Nhf3 h5 10. h3 Bf5 11. d5 c6 12. Nd4 Bd7 13. dxc6 bxc6 14. c3 Qc7 15. Bb3 e6 16. Qe2 d5 17. g3 a5 18. 0-0 h4 19. Kh2 Bd6 20. Nf5 Bxf4 21. Kg2 Bxd2 22. Nxg7+ Kf8 23. Qxd2 Ne4 24. Nxe6+ Bxe6 25. Qd4 Rg8 26. Kf3 Bxh3 27. Rh1 Rxg3+ 28. Ke2 Qf4 29. fxg3 Nxg3+ 30. Kd1 Qf3+ 31. Kd2 Ne4+ 32. Kc2 Qg2+ 33. Kc1 Qxh1+ 34. Kc2 Qg2+ 35. Kc1 Qf1+ 36. Kc2 Qg2+ 37. Kc1 Qg5+ 38. Kc2 Bf5 39. Re1 Nf2+ 0-1

[Event "Nordstrand CC-ch"]
[Site "Oslo"]
[Date "2015.05.07"]
[Round "11"]
[White "Kvendseth, Cornelius"]
[Black "Snellingen, Jorn"]
[Result "0-1"]
[WhiteElo "1943"]
[BlackElo "2039"]
[PlyCount "94"]
[EventDate "2014.12.01"]
[EventType "tourn"]
[EventRounds "11"]
[EventCountry "NOR"]
[SourceTitle "EXT 2018"]
[Source "ChessBase"]
[SourceDate "2017.10.13"]
[SourceVersion "1"]
[SourceVersionDate "2017.10.13"]
[SourceQuality "1"]

1. Nf3 Nf6 2. c4 g6 3. Nc3 Bg7 4. d4 d6 5. Bf4 Nbd7 6. g3 Nh5 7. Bg2 Nxf4 8. gxf4 0-0 9. Qc2 Nb6 10. Qd3 d5 11. c5 Bf5 12. Qb5 c6 13. Qb4 Nc4 14. Qxb7 Qa5 15. Qxc6 Nxb2 16. Rc1 Rfd8 17. 0-0 Bh6 18. Nxd5 Bf8 19. Nc3 Bd7 20. Qd5 Bf5 21. Qc6 Bd7 22. Qxa8 Rxa8 23. Ne5 Rd8 24. Rc2 Na4 25. Nxd7 Rxd7 26. Bc6 Rxd4 27. Nxa4 Rxa4 28. Bxa4 Qxa4 29. Rfc1 Qc6 30. Rc4 Bh6 31. R1c2 f5 32. R2c3 Kf7 33. f3 Ke6 34. Re3+ Kd7 35. Ra3 a6 36. Rb3 Bg7 37. Rb6 Qd5 38. c6+ Kc8 39. Rbb4 a5 40. Ra4 Bc3 41. Kf2 Qd1 42. Ke3 Qd2+ 43. Kf2 Qe1+ 44. Ke3 Bb4 45. a3 Qd2+ 46. Kf2 Qe1+ 47. Ke3 Qg1+ 0-1

[Event "Nordstrand CC-ch"]
[Site "Oslo"]
[Date "2015.03.05"]
[Round "6"]
[White "Kvendseth, Cornelius"]
[Black "Nordquelle, Daniel"]
[Result "1/2-1/2"]
[WhiteElo "1943"]
[BlackElo "1847"]
[PlyCount "51"]
[EventDate "2014.12.01"]
[EventType "tourn"]
[EventRounds "11"]
[EventCountry "NOR"]
[SourceTitle "EXT 2018"]
[Source "ChessBase"]
[SourceDate "2017.10.13"]
[SourceVersion "1"]
[SourceVersionDate "2017.10.13"]
[SourceQuality "1"]

1. e4 e6 2. d4 d5 3. exd5 exd5 4. Bf4 Bf5 5. Nf3 Nf6 6. Be2 Be7 7. 0-0 0-0 8. c4 c6 9. Nc3 dxc4 10. Bxc4 Nbd7 11. Re1 Nb6 12. Bb3 Bg4 13. Qd3 Bb4 14. Ne5 Bh5 15. h3 Nfd7 16. Qf5 Nxe5 17. Qxh5 Ng6 18. Be3 Qd7 19. Rad1 Rad8 20. f4 Ne7 21. g4 Ned5 22. Bd2 Nf6 23. Qh4 Rfe8 24. Be3 Ne4 25. Bc2 f5 26. Nxe4 1/2-1/2

[Event "Nordstrand CC-ch"]
[Site "Oslo"]
[Date "2015.02.05"]
[Round "3"]
[White "Moseng, Geir"]
[Black "Kvendseth, Cornelius"]
[Result "1/2-1/2"]
[WhiteElo "2014"]
[BlackElo "1943"]
[PlyCount "88"]
[EventDate "2014.12.01"]
[EventType "tourn"]
[EventRounds "11"]
[EventCountry "NOR"]
[SourceTitle "EXT 2018"]
[Source "ChessBase"]
[SourceDate "2017.10.13"]
[SourceVersion "1"]
[SourceVersionDate "2017.10.13"]
[SourceQuality "1"]

1. d4 d5 2. c4 e6 3. Nf3 Nf6 4. g3 b6 5. Bg2 Bb7 6. cxd5 Bxd5 7. 0-0 Nbd7 8. Nc3 Bb7 9. Qc2 Bb4 10. Bf4 Bxc3 11. bxc3 Rc8 12. Rfe1 c5 13. Qa4 a6 14. Rad1 Nd5 15. Bd2 b5 16. Qa3 0-0 17. Qb2 N7b6 18. Ne5 f6 19. Nd3 Na4 20. Qa1 cxd4 21. cxd4 Qb6 22. Rc1 a5 23. e4 Ne7 24. a3 Rfd8 25. Be3 Qa6 26. Rxc8 Rxc8 27. Nc5 Nxc5 28. dxc5 Qa8 29. Qa2 Kf7 30. Bh3 Rc6 31. Rd1 Bc8 32. f4 Ra6 33. Bg2 Bb7 34. Rd6 Rxd6 35. cxd6 Ng6 36. Bh3 Qc8 37. f5 Nf8 38. fxe6+ Nxe6 39. e5 fxe5 40. Qf2+ Kg8 41. Qf5 Bd5 42. Qxe5 Bc4 43. Bd4 Qd7 44. Bxe6+ Bxe6 1/2-1/2

[Event "NOR-ch Class2"]
[Site "Lillehammer"]
[Date "2013.06.29"]
[Round "5"]
[White "Kallset, Eirik Viken"]
[Black "Kvendseth, Cornelius"]
[Result "1-0"]
[WhiteElo "1528"]
[BlackElo "1552"]
[PlyCount "101"]
[EventDate "2013.06.29"]
[EventType "swiss"]
[EventRounds "9"]
[EventCountry "NOR"]
[SourceTitle "EXT 2017"]
[Source "ChessBase"]
[SourceDate "2016.10.25"]
[SourceVersion "1"]
[SourceVersionDate "2016.10.25"]
[SourceQuality "1"]

1. e4 c5 2. Nf3 Nc6 3. d4 cxd4 4. Nxd4 Nf6 5. Nc3 e5 6. Ndb5 d6 7. Bg5 a6 8. Na3 b5 9. Nd5 Be7 10. Bxf6 Bxf6 11. Be2 Bg5 12. 0-0 0-0 13. c3 Ne7 14. Nc2 Nxd5 15. Qxd5 Be6 16. Qd3 Qc7 17. Nb4 f5 18. Rad1 Rfd8 19. exf5 Bf7 20. Nd5 Bxd5 21. Qxd5+ Qf7 22. Qxf7+ Kxf7 23. Bf3 Rab8 24. Bd5+ Kf6 25. Rd3 Rb6 26. Rfd1 Ke7 27. g3 Bh6 28. Kg2 Kf6 29. h4 Rd7 30. Be4 Rd8 31. f4 exf4 32. g4 Bg5 33. hxg5+ Kxg5 34. Kf3 b4 35. c4 Rc8 36. b3 Rc5 37. Rxd6 Rxd6 38. Rxd6 Ra5 39. Rd2 h6 40. f6 Kxf6 41. Kxf4 Ke6 42. Bd5+ Kf6 43. Ke4 Kg5 44. Be6 Kf6 45. Bf5 Ke7 46. Kd4 h5 47. c5 hxg4 48. Bxg4 Rb5 49. Kd5 Ra5 50. Re2+ Kd8 51. Kd6 1-0